000
00258nam a22001097a 4500
082
_a
629.24 HEL'A
100
_a
HELDT, P. M
_9
79198
245
_a
THE AUTOMOTIVE CHASSIS WITHOUT POWERPLANT
260
_a
NEWYORK
_b
CHILTON
_c
1952
300
_a
616P
942
_c
BK
999
_c
584256
_d
584256